000 00785nam a22002297a 4500
003 UA-OsUOA
001 106369
007 ta
008 20140514b un ||||| |||| 00| 0 ukr d
090 _a(002.2+02+004)(082)
_bВ 53
942 _cBK
040 _aUA-OsUOA
_bukr
_cUA-OsUOA
_dUA-OsUOA
245 _aВісник Львівського університету
_bСерія книгознавство, бібліотекознавство та інформаційні технології
_cред. В. Голубко
300 _a365 с.
955 _a2
041 _aukr
080 _a(002.2+02+004)(082)
260 _aЛьвів
_bЛНУ
_c2012
250 _nвип. 7
650 7 _a00 Загальні питання науки і культури
_2UDC
999 _c392562
_d392562